Library of the University of Algiers 3
Ibrahim Sultan Cheibout
شعار جامعة الجزائر 3
مكتبة جامعة الجزائر 3
إبراهيم سلطان شيبوط

مبادئ الإقتصاد / (رقم التسجيلة. 44433)

تفاصيل مارك
000 -LEADER
fixed length control field 01453nam a2200253Ia 4500
003 - CONTROL NUMBER IDENTIFIER
control field Ost
005 - DATE AND TIME OF LATEST TRANSACTION
control field 20260507075413.0
008 - FIXED-LENGTH DATA ELEMENTS--GENERAL INFORMATION
fixed length control field 260507s9999||||xx |||||||||||||| ||und||
020 ## - INTERNATIONAL STANDARD BOOK NUMBER
International Standard Book Number 978977627451
040 ## - CATALOGING SOURCE
Transcribing agency fsecg
041 ## - LANGUAGE CODE
Language code of text/sound track or separate title ara
082 ## - DEWEY DECIMAL CLASSIFICATION NUMBER
Classification number 330
100 ## - MAIN ENTRY--PERSONAL NAME
Personal name النصر، محمد
Relator term مؤلف
245 #0 - TITLE STATEMENT
Title مبادئ الإقتصاد /
Statement of responsibility, etc. محمد النصر
260 ## - PUBLICATION, DISTRIBUTION, ETC.
Place of publication, distribution, etc. القاهرة:
Name of publisher, distributor, etc. الشركة العربية المتحدة للتسويق والتوريدات,
Date of publication, distribution, etc. 2008
300 ## - PHYSICAL DESCRIPTION
Extent 472 صفحة؛
Other physical details إيضاحات ؛
Dimensions 24 سم
504 ## - BIBLIOGRAPHY, ETC. NOTE
Bibliography, etc. note المراجع ص.472
520 ## - SUMMARY, ETC.
Summary, etc. يضم مدخل إلى علم الاقتصاد وبعض المفاهيم الاقتصادية، الأسواق والتوازن، الطلب والعرض والمرونة والتوازن، سلوك المستهلك والمنفعة ومنحنيات السواء، الانتاج والتكاليف في المدى القصير والمدى الطويل، سوق المنافسة الكاملة واشتقاق منحنى العرض، الأسواق الاحتكارية، الاحتكار التام وإحتكار القلة والمنافسة الاحتكارية، توزيع الدخل، الأجور والريع والفائدة والربح
653 ## - INDEX TERM--UNCONTROLLED
Uncontrolled term الإقتصاد
653 ## - INDEX TERM--UNCONTROLLED
Uncontrolled term التكاليف
653 ## - INDEX TERM--UNCONTROLLED
Uncontrolled term المنافسة الإحتكارية
700 ## - ADDED ENTRY--PERSONAL NAME
Personal name السروجي، فتحي
Relator term مؤلف ثانوي
942 ## - ADDED ENTRY ELEMENTS (KOHA)
Koha item type كتب
المقتنيات
Withdrawn status Lost status Source of classification or shelving scheme Damaged status Not for loan Home library Current library Date acquired Serial enumeration / chronology Inventory number Total checkouts Full call number Barcode Date last seen Price effective from Koha item type
    Dewey Decimal Classification   NOT LOAN / إعارة داخلية مكتبة كلية العلوم الإقتصادية والعلوم التجارية وعلوم التسيير مكتبة كلية العلوم الإقتصادية والعلوم التجارية وعلوم التسيير 07/05/2026 الطابق الأرضي 27099   أ/4472ج1ن1 27099 07/05/2026 07/05/2026 كتب
    Dewey Decimal Classification   Available مكتبة كلية العلوم الإقتصادية والعلوم التجارية وعلوم التسيير مكتبة كلية العلوم الإقتصادية والعلوم التجارية وعلوم التسيير 07/05/2026 الطابق الأرضي 27100   أ/4472ج1ن2 27100 07/05/2026 07/05/2026 كتب
    Dewey Decimal Classification   Available مكتبة كلية العلوم الإقتصادية والعلوم التجارية وعلوم التسيير مكتبة كلية العلوم الإقتصادية والعلوم التجارية وعلوم التسيير 07/05/2026 الطابق الثاني 27101   أ/4472ج1ن3 27101 07/05/2026 07/05/2026 كتب

موارد الويب المفتوحة


© University of Algiers 3 All Rights Reserved
|
Implemented by LECHELAH Riad